00483 a2200157 4500082001800000100003200018100002300050245006800073260005300141500003700194504002600231650002300257650001400280650001400294653001700308 a523.01bSh22h aShapiro, Stuart L. ed. 1947 aTeukolsky, Saul A. aHighlights of modern astrophysics ;bconcepts and controversies aNew YorkbA Wiley-Interscience Publicationc1986 aA Wiley Interscience publication aincludes bibliography aChemical compounds aCosmology aAstronomy aAstrophysics